Blockchain a kryptomeny – Základy, mýty, fakty a využiteľnosť v praxi

Opísanie základov fungovania kryptomien a blockchainu, zhrnutie najzaujímavejších faktov a vyvrátenie najčastejších mýtov. Zámerom je abstrahovať od finančnej stránky a zamerať sa iba na technickú stránku problému.

Guardado en:
Detalles Bibliográficos
Autor principal: Badura, Peter, 1978-
Otros Autores: Kalusová, Lenka, 1987-
Formato: Capítulo de libro
Lenguaje:eslovaco
Materias:
Etiquetas: Agregar Etiqueta
Sin Etiquetas, Sea el primero en etiquetar este registro!

MARC

LEADER 00000naa$a2200000$$$4500
001 0311583
005 20250715111807.1
041 0 |a slo 
044 |a SK 
245 1 0 |a Blockchain a kryptomeny – Základy, mýty, fakty a využiteľnosť v praxi  |c Peter Badura, Lenka Kalusová 
520 |a Opísanie základov fungovania kryptomien a blockchainu, zhrnutie najzaujímavejších faktov a vyvrátenie najčastejších mýtov. Zámerom je abstrahovať od finančnej stránky a zamerať sa iba na technickú stránku problému. 
610 2 0 |a mena virtuálna 
610 2 0 |a inovácie technologické 
610 2 0 |a technológie nové 
610 2 0 |a trh finančný 
610 2 0 |a trh finančný medzinárodný 
100 1 |a Badura, Peter, 1978- 
700 1 |a Kalusová, Lenka, 1987-